[Event "World Blitz Women 2016"]
[Site "Doha QAT"]
[Date "2016.12.29"]
[Round "4.10"]
[White "Goryachkina, Aleksandra"]
[Black "Koneru, Humpy"]
[Result "1/2-1/2"]
[WhiteTitle "WGM"]
[BlackTitle "GM"]
[WhiteElo "2466"]
[BlackElo "2557"]
[WhiteFideId "4147103"]
[BlackFideId "5008123"]
[EventDate "2016.12.29"]

1. d4 Nf6 2. c4 e6 3. g3 d5 4. Bg2 Be7 5. Nf3 O-O 6. O-O c6 7. Nbd2 b6 8. b3 Bb7
9. Bb2 Nbd7 10. Qc2 Rc8 11. Rac1 Qc7 12. Qb1 Qb8 13. Rfd1 Rfd8 14. cxd5 cxd5 15.
Rxc8 Rxc8 16. Rc1 h6 17. e3 a5 18. Rxc8+ Qxc8 19. Qc1 Qxc1+ 20. Bxc1 Ba6 21. Bf1
Bxf1 22. Kxf1 Kf8 23. Ke2 Bd6 24. Nb1 Ne8 25. Ba3 Ke7 26. h4 h5 27. Ne1 Nc7 28.
Bxd6+ Kxd6 29. Nd3 g6 30. Nc3 b5 31. f3 b4 32. Na4 Nb5 33. Kd2 Kc6 34. Kc2 Kd6
35. Kd2 Kc6 36. Kc2 Kd6 37. Kd2 Kc6 38. Kc2 Kd6 1/2-1/2

[Event "World Blitz Women 2016"]
[Site "Doha QAT"]
[Date "2016.12.29"]
[Round "4.12"]
[White "Pham, Le Thao Nguyen"]
[Black "Dzagnidze, Nana"]
[Result "1-0"]
[WhiteTitle "IM"]
[BlackTitle "GM"]
[WhiteElo "2351"]
[BlackElo "2520"]
[WhiteFideId "12401226"]
[BlackFideId "13601903"]
[EventDate "2016.12.29"]

1. d4 Nf6 2. Nf3 e6 3. Bf4 b6 4. e3 Bb7 5. Bd3 Be7 6. h3 d6 7. O-O O-O 8. Nbd2
c5 9. Qe2 Nc6 10. c3 h6 11. Bh2 Rc8 12. Rfe1 Re8 13. Rad1 Bf8 14. Bb1 Qc7 15.
dxc5 bxc5 16. e4 Nd7 17. Nc4 Nde5 18. Bxe5 dxe5 19. Rd2 Ba6 20. Bd3 Bb7 21. Red1
Red8 22. Bc2 Ba6 23. b3 Be7 24. Bd3 Bb7 25. Bc2 Rxd2 26. Rxd2 Rd8 27. Rxd8+ Bxd8
28. Qd2 Be7 29. Bd3 Kf8 30. Kf1 Ke8 31. Ne3 Na5 32. Bb5+ Kf8 33. Qc2 Bg5 34.
Nxg5 hxg5 35. f3 Ke7 36. Kf2 f6 37. Bc4 Qd6 38. Ke2 Nxc4 39. Nxc4 Ba6 40. Qd3
Qxd3+ 41. Kxd3 f5 42. a4 Kf6 43. b4 cxb4 44. cxb4 Ke7 45. b5 Bb7 46. Nxe5 fxe4+
47. fxe4 Ba8 48. Kd4 Bb7 49. g3 Ba8 50. a5 Kf6 51. Nc6 a6 52. Na7 axb5 53. Nxb5
Bc6 54. Nd6 Ke7 55. e5 Kd7 56. Kc5 Bg2 57. Nf7 Bxh3 58. Nxg5 Bg2 59. Kb6 Bd5 60.
a6 Kc8 61. a7 Kd7 62. Nh3 Be4 63. Nf4 g5 64. Nh5 Ba8 65. Nf6+ Kd8 66. Nh7 g4 67.
Nf6 Ke7 68. Nxg4 1-0

[Event "World Blitz Women 2016"]
[Site "Doha QAT"]
[Date "2016.12.29"]
[Round "4.13"]
[White "Arabidze, Meri"]
[Black "Purtseladze, Maka"]
[Result "1-0"]
[WhiteTitle "IM"]
[BlackTitle "IM"]
[WhiteElo "2379"]
[BlackElo "2347"]
[WhiteFideId "13604040"]
[BlackFideId "13602659"]
[EventDate "2016.12.29"]

1. Nf3 Nf6 2. c4 e6 3. e3 b6 4. b3 Bb7 5. Be2 g6 6. Bb2 Bg7 7. O-O O-O 8. Qc2 d6
9. d4 Ne4 10. Nbd2 f5 11. Rfd1 Qe7 12. Rac1 Nd7 13. d5 Nxd2 14. Nxd2 e5 15. b4
e4 16. Nb3 Bxb2 17. Qxb2 f4 18. exf4 Rxf4 19. Rf1 Raf8 20. Nd4 Qf6 21. Qc3 Rxf2
22. Qe3 Rxf1+ 23. Rxf1 Qe5 24. Ne6 Rxf1+ 25. Bxf1 Nf6 26. h3 Bc8 27. Nxc7 Bf5
28. Nb5 a6 29. Nd4 b5 30. Nc6 Qe8 31. cxb5 axb5 32. Bxb5 Nxd5 33. Qd4 Nc7 34.
Bc4+ Be6 35. b5 d5 36. Bf1 Bd7 37. Qb6 Bxc6 38. bxc6 Qd8 39. Qd4 Kf7 40. a4 Qd6
41. Bb5 Ke6 42. Kf2 Qe5 43. Ke3 Qg3+ 44. Kd2 Qxg2+ 45. Be2 Qg5+ 46. Kd1 Qe5 47.
Qb6 Qa1+ 48. Kd2 Qa2+ 49. Ke3 Qa3+ 50. Kf2 Qd6 51. a5 d4 52. Bc4+ Ke5 53. a6 e3+
54. Ke2 Ne6 55. Bxe6 Qxe6 56. Qc5+ Ke4 57. Qc2+ Ke5 58. Qc5+ Ke4 59. Qc2+ Ke5
60. a7 Qxh3 61. Qc5+ Ke4 62. Qe7+ Kf4 63. Qd6+ Ke4 64. Qe7+ Kf4 65. a8=Q Qg2+
66. Kd3 Qd2+ 67. Kc4 Qc3+ 68. Kd5 d3 69. Qf7+ Kg3 70. Qb8+ Kg2 71. Qbf4 Qb3+ 72.
Kd6 Qa3+ 73. Kd7 Qa7+ 74. c7 Qb7 75. Qg4+ Kh2 76. Qxh7# 1-0

[Event "World Blitz Women 2016"]
[Site "Doha QAT"]
[Date "2016.12.29"]
[Round "4.14"]
[White "Gvetadze, Sofio"]
[Black "Gaponenko, Inna"]
[Result "1-0"]
[WhiteTitle "IM"]
[BlackTitle "IM"]
[WhiteElo "2283"]
[BlackElo "2411"]
[WhiteFideId "13601440"]
[BlackFideId "14101181"]
[EventDate "2016.12.29"]

1. d4 Nf6 2. Nf3 d5 3. Bf4 c5 4. e3 Nc6 5. c3 e6 6. Bd3 Qb6 7. Qc1 Bd7 8. Nbd2
Rc8 9. O-O cxd4 10. exd4 Nb4 11. Be2 Nh5 12. Be3 Bb5 13. Bxb5+ Qxb5 14. Nb3 Nc6
15. Qd1 Nf6 16. Re1 Be7 17. Ne5 Nxe5 18. dxe5 Nd7 19. Qg4 g6 20. Bd4 h5 21. Qf3
Nc5 22. Bxc5 Bxc5 23. Nxc5 Qxc5 24. Rad1 Qe7 25. Rd4 O-O 26. Qe3 Kg7 27. Rf4 b5
28. g4 hxg4 29. Rxg4 Rh8 30. Qf3 Rh5 31. Re3 Rch8 32. Rg2 Qh4 33. Qe2 a6 34. Rf3
Qc4 35. Qe3 b4 36. Qa7 Rf8 37. Rf6 Rh6 38. Qe7 Qe2 39. Rg3 Qh5 40. Rgf3 Qxh2+
41. Kf1 Qh1+ 42. Ke2 Kg8 43. Rxf7 1-0

[Event "World Blitz Women 2016"]
[Site "Doha QAT"]
[Date "2016.12.29"]
[Round "4.15"]
[White "Zhu, Chen"]
[Black "Sloan, Julia Elizabeth"]
[Result "1-0"]
[WhiteTitle "GM"]
[BlackTitle "CM"]
[WhiteElo "2419"]
[BlackElo "2173"]
[WhiteFideId "8600546"]
[BlackFideId "2018950"]
[EventDate "2016.12.29"]

1. d4 d6 2. e4 Nd7 3. Nf3 e5 4. c3 h6 5. Bd3 c6 6. a4 Ngf6 7. O-O Be7 8. Re1 Qc7
9. Nbd2 b6 10. Nf1 Nf8 11. Ng3 g6 12. h3 Be6 13. Be3 g5 14. Nh2 Ng6 15. Nf5 Bxf5
16. exf5 Nf8 17. dxe5 dxe5 18. Bc4 N8d7 19. Qe2 O-O 20. h4 Nh7 21. Qh5 Kg7 22.
Ng4 Ndf6 23. Qxh6+ Kh8 24. Nxf6 Bxf6 25. hxg5 Bg7 26. Qh5 1-0

[Event "World Blitz Women 2016"]
[Site "Doha QAT"]
[Date "2016.12.29"]
[Round "4.16"]
[White "Geldiyeva, Mahri"]
[Black "Krivec, Jana"]
[Result "1-0"]
[WhiteTitle "WGM"]
[BlackTitle "WGM"]
[WhiteElo "2220"]
[BlackElo "2264"]
[WhiteFideId "14000059"]
[BlackFideId "14601982"]
[EventDate "2016.12.29"]

1. d4 f5 2. Nf3 Nf6 3. g3 d6 4. Bg2 e6 5. c4 Be7 6. Nc3 O-O 7. O-O Ne4 8. Nd2
Nxc3 9. bxc3 e5 10. d5 Nd7 11. e4 f4 12. Nb3 b6 13. gxf4 exf4 14. Nd4 Ne5 15. f3
Qe8 16. a4 a5 17. Nb5 Qd7 18. Qe2 Ba6 19. Rb1 Rf6 20. Kh1 Raf8 21. Rg1 Rh6 22.
Bf1 Bd8 23. Qg2 Rff6 24. Rb2 Rfg6 25. Qf2 Bh4 26. Qe2 Bg3 27. Rxg3 Rxg3 28. Bxf4
Rxf3 29. Bxe5 Rxf1+ 30. Qxf1 dxe5 31. Rf2 Rf6 32. Rxf6 gxf6 33. Qxf6 Bxb5 34.
cxb5 Qg4 35. Qd8+ Kg7 36. Qxc7+ Kf6 37. Qxb6+ Kg5 1-0

[Event "World Blitz Women 2016"]
[Site "Doha QAT"]
[Date "2016.12.29"]
[Round "4.17"]
[White "Ovezdurdiyeva, Jemal"]
[Black "Hallaeva, Bahar"]
[Result "1-0"]
[WhiteTitle "WFM"]
[BlackTitle "WFM"]
[WhiteElo "2080"]
[BlackElo "2112"]
[WhiteFideId "14001888"]
[BlackFideId "14000679"]
[EventDate "2016.12.29"]

1. d4 Nf6 2. c4 e6 3. Nc3 b6 4. f3 Bb4 5. e4 d6 6. Ne2 O-O 7. a3 Bxc3+ 8. Nxc3
Nbd7 9. Be2 e5 10. d5 a5 11. Rb1 h6 12. O-O Re8 13. Be3 Nf8 14. b4 Ng6 15. c5
axb4 16. axb4 Ba6 17. b5 Bc8 18. cxb6 cxb6 19. Ra1 Rxa1 20. Qxa1 Nd7 21. Na4 Nc5
22. Nxc5 dxc5 23. Bc4 Qd6 24. Qa7 Kh7 25. Ra1 Re7 26. Qa8 Bb7 27. Qa3 Re8 28.
Qb2 Bc8 29. Ra7 Bd7 30. Qa1 Rb8 31. Qa6 Nf8 32. Bf1 Bc8 33. Qa3 Nd7 34. Ra8 Bb7
35. Rxb8 Qxb8 36. Bc4 Nf6 37. Qb2 Ne8 38. Bf1 f6 39. g3 Bc8 40. Qc2 Nd6 41. f4
Bd7 42. f5 Qa7 43. Qe2 Qa4 44. Qg4 Qxe4 45. Qg6+ Kh8 46. Bxh6 gxh6 47. Qxf6+ Kh7
48. Qxd6 Qxf5 49. Qxb6 e4 50. Qxc5 Qf7 51. Qd4 Qf5 52. Bg2 Bxb5 53. Bxe4 1-0

[Event "World Blitz Women 2016"]
[Site "Doha QAT"]
[Date "2016.12.29"]
[Round "5.3"]
[White "Tan, Zhongyi"]
[Black "Batsiashvili, Nino"]
[Result "1-0"]
[WhiteTitle "WGM"]
[BlackTitle "IM"]
[WhiteElo "2496"]
[BlackElo "2482"]
[WhiteFideId "8603642"]
[BlackFideId "13602993"]
[EventDate "2016.12.29"]

1. c4 f5 2. g3 Nf6 3. Nf3 d6 4. d4 e6 5. Bg2 Be7 6. O-O O-O 7. b3 Qe8 8. Bb2 c6
9. Nbd2 Qh5 10. Ba3 Nbd7 11. Qc2 h6 12. e4 fxe4 13. Nxe4 Nxe4 14. Qxe4 Nf6 15.
Qd3 Bd7 16. Rae1 Rf7 17. h3 Qf5 18. Qxf5 exf5 19. d5 c5 20. Nd2 Bf8 21. Bb2 b5
22. Re3 Re8 23. Rfe1 Rxe3 24. Rxe3 b4 25. a3 a5 26. axb4 axb4 27. Re1 Re7 28.
Rd1 Re8 29. Bf1 Ra8 30. Bxf6 gxf6 31. Bd3 h5 32. Nf3 Bh6 33. Nh4 f4 34. Bf5 Be8
35. g4 hxg4 36. hxg4 Bg5 37. Be6+ Kg7 38. Nf5+ Kf8 39. Nxd6 Ra3 40. Rd3 Bg6 41.
Bf5 Be8 42. Ne4 Ke7 43. d6+ Kd8 44. Nxc5 Bc6 45. Rd1 Bf3 46. Ne6+ Kd7 47. Nxg5+
Kc6 48. Nxf3 Rxb3 49. Nd4+ 1-0

[Event "World Blitz Women 2016"]
[Site "Doha QAT"]
[Date "2016.12.29"]
[Round "5.4"]
[White "Abdumalik, Zhansaya"]
[Black "Zhao, Xue"]
[Result "1/2-1/2"]
[WhiteTitle "WGM"]
[BlackTitle "GM"]
[WhiteElo "2405"]
[BlackElo "2504"]
[WhiteFideId "13703544"]
[BlackFideId "8601283"]
[EventDate "2016.12.29"]

1. e4 Nc6 2. d4 d5 3. e5 Bf5 4. c3 e6 5. Nf3 Nge7 6. a4 h6 7. h4 Bg4 8. Be2 Nf5
9. h5 f6 10. Bf4 Bxf3 11. Bxf3 fxe5 12. dxe5 Nh4 13. Bg3 Nxf3+ 14. Qxf3 Qd7 15.
Nd2 O-O-O 16. O-O Be7 17. Qg4 Rdf8 18. Nf3 Rhg8 19. b4 Bd8 20. Rad1 Qf7 21. Rxd5
Ne7 22. Rd2 Qf5 23. Qxf5 Nxf5 24. Bh2 g6 25. hxg6 Rxg6 26. Nd4 Rfg8 27. g3 Ne7
28. c4 h5 29. Rfd1 h4 30. Kf1 Rh8 31. gxh4 c6 32. Bg3 Rf8 33. Kg2 Bc7 34. Re1 a5
35. b5 c5 36. Nf3 Nf5 37. h5 Rg4 38. Rc1 Rfg8 39. Nh2 Nxg3 40. Nxg4 Ne4 41. Re2
Rxg4+ 42. Kf3 Nxf2 43. Rxf2 Rh4 44. Rg2 Bxe5 45. Re1 Bc3 46. Rxe6 Rxh5 47. Ke4
Kd7 48. Rb6 Kc7 49. Rbg6 Re5+ 50. Kf4 Re7 51. R6g5 Kb6 52. Rd5 Re6 53. Kf5 Rf6+
54. Ke4 Re6+ 55. Kf4 Rf6+ 56. Rf5 Rh6 57. Kg5 Rh8 58. Re2 Bd4 59. Re6+ Ka7 60.
Kg6 Rg8+ 61. Kf7 Rg4 62. Ke7 Bg1 63. Kd7 Rxc4 64. b6+ Ka6 65. Rf8 Rxa4 66. Ra8+
Kb5 67. Kc7 c4 68. Kxb7 c3 69. Rc8 Bc5 70. Re5 Rc4 71. Rexc5+ Rxc5 72. Rxc5+
Kxc5 73. Ka7 c2 74. b7 c1=Q 75. b8=Q Qc3 76. Ka6 Qb4 77. Qc7+ Kd4 78. Qxa5 Qxa5+ 1/2-1/2

[Event "World Blitz Women 2016"]
[Site "Doha QAT"]
[Date "2016.12.29"]
[Round "5.6"]
[White "Javakhishvili, Lela"]
[Black "Arabidze, Meri"]
[Result "0-1"]
[WhiteTitle "IM"]
[BlackTitle "IM"]
[WhiteElo "2461"]
[BlackElo "2379"]
[WhiteFideId "13601458"]
[BlackFideId "13604040"]
[EventDate "2016.12.29"]

1. c4 e6 2. d4 Nf6 3. Nc3 d5 4. cxd5 exd5 5. Bg5 c6 6. Qc2 Be7 7. e3 h6 8. Bh4
O-O 9. Bd3 Nh5 10. Bxe7 Qxe7 11. Nge2 Re8 12. O-O-O Nf6 13. Ng3 b5 14. Kb1 a5
15. Nf5 Bxf5 16. Bxf5 a4 17. g4 a3 18. b3 Na6 19. h4 Nb4 20. Qe2 Ne4 21. Rc1 g6
22. Bxe4 dxe4 23. g5 h5 24. Rhf1 Nd3 25. Rcd1 Nb2 26. Rc1 b4 27. Nd1 Nd3 28. Rc4
c5 29. f3 cxd4 30. exd4 Nf4 31. Qxe4 Qd6 32. Qc6 Qe7 33. Qe4 Qd6 34. Qc6 Qe7 35.
Qe4 Qd6 36. Qc6 Qd8 37. Nf2 Ne2 38. Ne4 Qe7 39. Re1 Nc3+ 40. Ka1 Qa7 41. Rxb4
Nxe4 42. fxe4 Rac8 0-1

[Event "World Blitz Women 2016"]
[Site "Doha QAT"]
[Date "2016.12.29"]
[Round "5.7"]
[White "Gunina, Valentina"]
[Black "Goryachkina, Aleksandra"]
[Result "1/2-1/2"]
[WhiteTitle "GM"]
[BlackTitle "WGM"]
[WhiteElo "2525"]
[BlackElo "2466"]
[WhiteFideId "4167570"]
[BlackFideId "4147103"]
[EventDate "2016.12.29"]

1. d4 Nf6 2. c4 e6 3. Nf3 b6 4. g3 Ba6 5. Qc2 Bb7 6. Bg2 c5 7. dxc5 bxc5 8. Nc3
Be7 9. O-O O-O 10. Bf4 d6 11. Rad1 Qb6 12. Rd2 Rd8 13. Rfd1 Nc6 14. Bg5 Nb4 15.
Qb1 h6 16. Bxf6 Bxf6 17. a3 Na6 18. Ne4 Bxe4 19. Qxe4 Rab8 20. h3 Nc7 21. Ne1 d5
22. cxd5 exd5 23. Qc2 c4 24. e4 dxe4 25. Rxd8+ Rxd8 26. Rxd8+ Bxd8 27. Bxe4 Bf6
28. Qxc4 Bxb2 29. a4 Bd4 30. Nd3 a5 31. Kg2 Ne6 32. Qc8+ Qd8 33. Qxd8+ Nxd8 34.
Bd5 Kf8 35. Kf3 Ke7 36. Ke4 Bc3 37. Ne5 Ne6 38. Bxe6 Kxe6 39. Nd3 f5+ 40. Ke3 g5
41. g4 fxg4 42. hxg4 Kd5 43. f4 Bd4+ 44. Kf3 gxf4 45. Nxf4+ Kc4 46. Ke4 Bc3 47.
Nd5 Bd2 48. Nb6+ Kb3 49. Kd5 Kb4 50. Kd4 Be1 51. Ke3 Kb3 52. Ke2 Bb4 53. Kd3 Bc5
54. Nd7 Be7 55. Nb6 Bd8 56. Nc4 Kxa4 57. Kc2 Kb4 58. Nd6 a4 59. Kb2 a3+ 60. Ka2
Be7 61. Nf7 Bf8 62. Ne5 Kc3 63. Ng6 Bd6 64. Nh4 Kc4 65. Nf5 Bf8 66. Nh4 Kd4 67.
g5 hxg5 68. Nf3+ Ke4 1/2-1/2

[Event "World Blitz Women 2016"]
[Site "Doha QAT"]
[Date "2016.12.29"]
[Round "5.8"]
[White "Koneru, Humpy"]
[Black "Khademalsharieh, Sarasadat"]
[Result "1-0"]
[WhiteTitle "GM"]
[BlackTitle "IM"]
[WhiteElo "2557"]
[BlackElo "2438"]
[WhiteFideId "5008123"]
[BlackFideId "12512214"]
[EventDate "2016.12.29"]

1. d4 Nf6 2. Nf3 e6 3. e3 c5 4. Bd3 b6 5. O-O Bb7 6. b3 Be7 7. Bb2 O-O 8. Nbd2
cxd4 9. exd4 d5 10. Qe2 Nc6 11. a3 Qc7 12. c4 dxc4 13. bxc4 Rfd8 14. Rfd1 Rac8
15. Rac1 Qf4 16. Qe3 Qxe3 17. fxe3 Ng4 18. Nf1 Na5 19. h3 Nf6 20. N1d2 Nd7 21.
Bc3 Nc6 22. Bb2 Na5 23. Kf2 e5 24. Bf5 exd4 25. exd4 g6 26. Bd3 Bf6 27. Bc3 Nc6
28. Ne4 Be7 29. d5 Na5 30. d6 Bf8 31. Bxa5 bxa5 32. Nfd2 Ne5 33. Be2 Bxd6 34.
Nxd6 Rxd6 35. c5 Rd5 36. Nb3 Rxd1 37. Rxd1 a4 38. Na5 Be4 39. Rc1 f5 40. Ba6 Rc7
41. Ke3 Kf8 42. g3 Ke7 43. Kd4 Nc6+ 44. Nxc6+ Bxc6 45. Re1+ Kf6 46. Bc4 Rd7+ 47.
Kc3 Re7 48. Rd1 Re3+ 49. Kb4 Be4 50. Rd6+ Ke7 51. Re6+ Kd7 52. Rf6 Rxg3 53. Rf7+
Kc8 54. Ba6+ Kd8 55. Rxa7 Rxh3 56. Bb5 f4 57. c6 Bxc6 58. Bxc6 g5 59. Rxa4 f3
60. Ra7 Rh4+ 61. Kb5 g4 62. Rd7+ Kc8 63. Rf7 Rh1 64. a4 h5 65. a5 Rb1+ 66. Kc5
Ra1 67. Kb6 Kd8 68. Rd7+ Kc8 69. Re7 Rb1+ 70. Bb5 Rd1 71. a6 Rd6+ 72. Kc5 Rd1
73. a7 Ra1 74. Kb6 1-0

[Event "World Blitz Women 2016"]
[Site "Doha QAT"]
[Date "2016.12.29"]
[Round "5.9"]
[White "Saduakassova, Dinara"]
[Black "Zhukova, Natalia"]
[Result "1-0"]
[WhiteTitle "WGM"]
[BlackTitle "GM"]
[WhiteElo "2428"]
[BlackElo "2440"]
[WhiteFideId "13700090"]
[BlackFideId "14101513"]
[EventDate "2016.12.29"]

1. d4 Nf6 2. c4 c5 3. Nf3 cxd4 4. Nxd4 e6 5. Nc3 d5 6. e3 Nc6 7. cxd5 exd5 8.
Be2 Bd6 9. Nf3 O-O 10. O-O a6 11. b3 Re8 12. Bb2 Bc7 13. Qc1 Qd6 14. Ba3 Qd8 15.
Rd1 Be6 16. Bc5 Rc8 17. Qb2 Bb8 18. Rac1 Bg4 19. Na4 Ne4 20. Bb6 Qd6 21. g3 Qh6
22. Rxd5 Nxf2 23. Kxf2 Bxf3 24. Bxf3 Qxh2+ 25. Kf1 Qxg3 26. Qg2 Qh4 27. Rg5 g6
28. Bxc6 bxc6 29. Rc4 Qh6 30. Bd4 f6 31. Rg4 Be5 32. Bxe5 Rxe5 33. Rge4 Rf5+ 34.
Rf4 Re5 35. Rce4 Rce8 36. Rxe5 Rxe5 37. Qxc6 Qh3+ 38. Qg2 Qxe3 39. Qf2 Qc1+ 40.
Kg2 Rg5+ 41. Kh2 Rh5+ 42. Kg3 Rg5+ 43. Rg4 Qc7+ 44. Qf4 Rxg4+ 45. Kxg4 h5+ 46.
Kg3 h4+ 47. Kg4 f5+ 48. Kg5 Qe7+ 49. Kxg6 Qg7+ 50. Kxf5 1-0

[Event "World Blitz Women 2016"]
[Site "Doha QAT"]
[Date "2016.12.29"]
[Round "5.10"]
[White "Gvetadze, Sofio"]
[Black "Pham, Le Thao Nguyen"]
[Result "1/2-1/2"]
[WhiteTitle "IM"]
[BlackTitle "IM"]
[WhiteElo "2283"]
[BlackElo "2351"]
[WhiteFideId "13601440"]
[BlackFideId "12401226"]
[EventDate "2016.12.29"]

1. Nf3 d5 2. g3 Nf6 3. Bg2 c6 4. O-O Bf5 5. d3 e6 6. b3 h6 7. Bb2 Be7 8. c4 O-O
9. Nbd2 a5 10. a3 Bh7 11. Rc1 Nbd7 12. Qc2 Qb6 13. Qb1 Rfd8 14. Qa1 Bf8 15. Bc3
Qc5 16. cxd5 Nxd5 17. Bb2 Qa7 18. Nc4 Nc5 19. Nfd2 Qb8 20. Be5 Qa7 21. Bd4 b6
22. Rfd1 Rac8 23. Ne4 Nxb3 24. Qb2 Nxd4 25. Qxd4 Nf4 26. Qe3 Nxg2 27. Kxg2 c5
28. Ne5 Qa8 29. Qf3 Rc7 30. Rb1 Rd4 31. Nf6+ gxf6 32. Qxa8 fxe5 33. Qb8 Rdd7 34.
Qxb6 e4 35. Kg1 exd3 36. exd3 Rc8 37. Qa6 Rcd8 38. Qxa5 c4 39. Rbc1 Bxd3 40. Qb5
Rd5 41. Qa4 Rd4 42. Qa5 R4d5 43. Qc3 Bg7 44. Qe1 Bb2 45. Qe3 Bxc1 46. Rxc1 Ra8
47. Qxh6 Rxa3 48. Qf4 Ra8 49. h4 Rda5 50. h5 Rd5 51. h6 Raa5 52. Rxc4 Bxc4 53.
Qxc4 Kh7 54. Qc7 Rf5 55. g4 Ra1+ 56. Kg2 Rf6 57. Qe5 Rg6 58. Qxa1 Rxg4+ 59. Kf3
Rg6 60. Qa7 Rf6+ 61. Ke3 Kxh6 62. Qb8 Rf5 63. Qg8 Kh5 64. f3 Kh6 65. Qh8+ Kg6
66. f4 Rd5 67. Qg8+ Kf6 68. Ke4 Rf5 69. Qd8+ Kg7 70. Qh4 Rd5 71. Qg3+ Kf8 72.
Qc3 Kg8 73. Kf3 Rf5 74. Kg4 Rd5 75. Qc2 Kg7 76. Qb2+ Kg8 77. Kh4 Kh7 78. Kg4 Kg8
79. Qb8+ Kg7 80. Qb2+ Kg8 81. Qc2 Kg7 82. Qc3+ Kg8 83. Qg3 Kg7 84. Kf3+ Kf8 85.
Ke4 Rf5 86. Qa3+ Kg8 87. Qh3 Rd5 88. Qh4 Kg7 89. Qg3+ Kf8 90. Qa3+ Kg7 91. Qc3+ 1/2-1/2

[Event "World Blitz Women 2016"]
[Site "Doha QAT"]
[Date "2016.12.29"]
[Round "5.11"]
[White "Kashlinskaya, Alina"]
[Black "Charochkina, Daria"]
[Result "1-0"]
[WhiteTitle "IM"]
[BlackTitle "IM"]
[WhiteElo "2429"]
[BlackElo "2383"]
[WhiteFideId "4198026"]
[BlackFideId "4180917"]
[EventDate "2016.12.29"]

1. d4 f5 2. c4 Nf6 3. g3 e6 4. Bg2 d5 5. Nh3 c6 6. O-O Bd6 7. Nd2 O-O 8. Qc2 Na6
9. Nf3 h6 10. Nf4 Ne4 11. a3 Bd7 12. Nd3 Rc8 13. b4 b6 14. Qb3 Qe7 15. Bf4 c5
16. dxc5 bxc5 17. Nfe5 dxc4 18. Qxc4 Nb8 19. Ng6 Qf6 20. Nxf8 Bxf8 21. Be5 Qd8
22. Bxb8 cxb4 23. Qa2 Rxb8 24. axb4 Nc3 25. Qd2 Ne4 26. Qe3 Bc6 27. Rxa7 Qd5 28.
Nf4 Qe5 29. Ng6 Qf6 30. Nxf8 Rxf8 31. Rc1 Bd5 32. b5 Qb2 33. b6 Rb8 34. Rcc7
Qb1+ 35. Bf1 Ng5 36. Rxg7+ Kh8 37. Rh7+ Kg8 38. Rag7+ Kf8 39. Qc5+ 1-0

[Event "World Blitz Women 2016"]
[Site "Doha QAT"]
[Date "2016.12.29"]
[Round "5.13"]
[White "Sviridova, Vlada"]
[Black "Geldiyeva, Mahri"]
[Result "1-0"]
[WhiteTitle "WFM"]
[BlackTitle "WGM"]
[WhiteElo "2144"]
[BlackElo "2220"]
[WhiteFideId "24109606"]
[BlackFideId "14000059"]
[EventDate "2016.12.29"]

1. d4 d5 2. Nf3 Nf6 3. c4 dxc4 4. e3 e6 5. Bxc4 a6 6. O-O c5 7. b3 b5 8. Be2 Bb7
9. Bb2 Nbd7 10. Nc3 Be7 11. Rc1 O-O 12. dxc5 Bxc5 13. a3 Qb6 14. b4 Be7 15. Qb3
Rac8 16. Rfd1 Rfd8 17. Nd4 Ne5 18. Nb1 Nc6 19. Nd2 Nd5 20. Bf3 Bf6 21. Ne4 Bxd4
22. exd4 Nce7 23. Nc5 Ba8 24. Rc2 Qd6 25. Re2 Nf4 26. Ree1 Bxf3 27. Qxf3 Nfd5
28. Re4 Ng6 29. g3 Ra8 30. h4 Qb6 31. h5 Nf8 32. Rg4 Nf6 33. Rf4 N8d7 34. h6
Nxc5 35. bxc5 Qc7 36. hxg7 Nd5 37. Rh4 Kxg7 38. Qg4+ Kf8 39. Rxh7 Nf6 40. Qg7+
Ke8 41. Qxf6 Qe7 42. Rh8+ Kd7 43. Rxd8+ Rxd8 44. c6+ Kd6 45. Qe5+ Kxc6 46. Rc1+
Kb7 47. Bc3 Rd5 48. Qf4 Qxa3 49. Qxf7+ Ka8 50. Qe8+ Kb7 51. Bd2 Qd6 52. Qc8+ Kb6
53. Ra1 b4 54. Rxa6+ Kb5 55. Rxd6 Rxd6 56. Qc5+ 1-0

[Event "World Blitz Women 2016"]
[Site "Doha QAT"]
[Date "2016.12.29"]
[Round "5.15"]
[White "Dzagnidze, Nana"]
[Black "Sloan, Julia Elizabeth"]
[Result "1-0"]
[WhiteTitle "GM"]
[BlackTitle "CM"]
[WhiteElo "2520"]
[BlackElo "2173"]
[WhiteFideId "13601903"]
[BlackFideId "2018950"]
[EventDate "2016.12.29"]

1. Nf3 d6 2. d4 c6 3. g3 Nd7 4. Bg2 e5 5. O-O f5 6. c4 h6 7. dxe5 dxe5 8. b3 Bc5
9. Bb2 Qc7 10. Nh4 Ne7 11. Nc3 a5 12. Qc2 O-O 13. Na4 Ba7 14. c5 e4 15. Rfd1 Nf6
16. Rd6 Ned5 17. Ng6 Re8 18. Nf4 b5 19. Nxd5 Nxd5 20. Rg6 Re7 21. Nb6 Nxb6 22.
cxb6 Qxb6 23. e3 Bd7 24. Qc3 Qc5 25. Rxg7+ Kf8 26. Qf6+ Ke8 27. Rg8# 1-0

[Event "World Blitz Women 2016"]
[Site "Doha QAT"]
[Date "2016.12.29"]
[Round "5.16"]
[White "Gaponenko, Inna"]
[Black "Ovezdurdiyeva, Jemal"]
[Result "1-0"]
[WhiteTitle "IM"]
[BlackTitle "WFM"]
[WhiteElo "2411"]
[BlackElo "2080"]
[WhiteFideId "14101181"]
[BlackFideId "14001888"]
[EventDate "2016.12.29"]

1. e4 c5 2. Nf3 d6 3. d4 cxd4 4. Nxd4 Nf6 5. Nc3 a6 6. Be3 e5 7. Nb3 Be6 8. Qd2
Nbd7 9. O-O-O Be7 10. f4 exf4 11. Bxf4 Ne5 12. Nd4 Bg4 13. Be2 Bxe2 14. Qxe2 Qc7
15. Nf5 O-O-O 16. Nxg7 Bf8 17. Nf5 Kb8 18. Rhf1 Ng6 19. Bg5 Nxe4 20. Qxe4 Rc8
21. Kb1 Qb6 22. Nd5 Qb5 23. Nd4 Qc5 24. Nb3 Qc6 25. Nc3 Qc7 26. Qd4 h6 27. Be3
b5 28. Qb6+ Qxb6 29. Bxb6 Rh7 30. Nd5 Kb7 31. Na5+ Kb8 32. Nf6 Rg7 33. Nh5 Rh7
34. Rde1 Ne5 35. Bd4 Re8 36. Nf6 Re6 37. Nxh7 1-0

[Event "World Blitz Women 2016"]
[Site "Doha QAT"]
[Date "2016.12.29"]
[Round "5.17"]
[White "Krivec, Jana"]
[Black "Hallaeva, Bahar"]
[Result "0-1"]
[WhiteTitle "WGM"]
[BlackTitle "WFM"]
[WhiteElo "2264"]
[BlackElo "2112"]
[WhiteFideId "14601982"]
[BlackFideId "14000679"]
[EventDate "2016.12.29"]

1. e4 e5 2. Nc3 Nf6 3. Bc4 Nc6 4. d3 Bc5 5. f4 exf4 6. Bxf4 Na5 7. Bb3 Nxb3 8.
axb3 Qe7 9. Bg5 d5 10. Nxd5 Qd8 11. Qf3 Be7 12. Bxf6 gxf6 13. Ne2 Rg8 14. Ng3 c6
15. Nxe7 Qxe7 16. O-O Rg6 17. Nh5 Qc5+ 18. Rf2 Ke7 19. Nxf6 Be6 20. c3 Bxb3 21.
d4 Qg5 22. e5 Be6 23. Ne4 Qh4 24. Nf6 Qh6 25. b4 a6 26. Re1 Rf8 0-1

[Event "World Blitz Women 2016"]
[Site "Doha QAT"]
[Date "2016.12.29"]
[Round "6.1"]
[White "Tan, Zhongyi"]
[Black "Harika, Dronavalli"]
[Result "0-1"]
[WhiteTitle "WGM"]
[BlackTitle "GM"]
[WhiteElo "2496"]
[BlackElo "2543"]
[WhiteFideId "8603642"]
[BlackFideId "5015197"]
[EventDate "2016.12.29"]

1. d4 Nf6 2. c4 g6 3. Nf3 Bg7 4. g3 O-O 5. Bg2 d6 6. O-O Nbd7 7. Nc3 e5 8. e4
exd4 9. Nxd4 Nc5 10. h3 Re8 11. Re1 Bd7 12. Bf4 h6 13. Nb3 Na4 14. Nxa4 Bxa4 15.
Qc1 Kh7 16. Nd2 Bc6 17. Qc2 Nd7 18. Rad1 a5 19. b3 Nc5 20. Be3 b6 21. f3 Qc8 22.
Kh2 h5 23. h4 Qb7 24. Bg1 Na6 25. Nb1 a4 26. Nc3 Nb4 27. Qd2 axb3 28. axb3 Na6
29. Nd5 Bxd5 30. cxd5 Nc5 31. b4 Nd7 32. Rc1 b5 33. Rc2 Ne5 34. Qe2 Ra4 35. Rec1
Re7 36. Qd2 Ra3 37. f4 Ng4+ 38. Kh1 Rxg3 39. Qe1 Ra3 40. e5 Qb8 41. Qd2 dxe5 42.
f5 Bh6 43. fxg6+ fxg6 44. Qe2 Bxc1 45. Rxc1 Rf7 46. Be4 Qd8 47. Qe1 Rf4 0-1